| 000 | 01093cam a22002174a 4500 | ||
|---|---|---|---|
| 005 | 20250605163520.0 | ||
| 008 | 250528s ||||||||||||||||||||||||d | ||
| 035 | _a20885 | ||
| 020 | _a9789602189535 | ||
| 040 |
_aGR-AtMCL _bgre _dGR-AtMCL _eAACR2 |
||
| 245 | 1 | _aΣυστήματα CAD/CAM &Τρισδιάστατη Μοντελοποίηση / 2η Έκδοση | |
| 250 | _a2η | ||
| 260 |
_bΚριτική, _c2014 |
||
| 300 | _a536 | ||
| 520 | _aΤο βιβλίο απευθύνεται σε σπουδαστες και απόφοιτους Μηχανικούς. Το βιβλίο καλύπτει τις Απαραίτητες Γνώσεις σχετικά με την Τεχνολογία Μελέτης, Σχεδίασης και Παραγωγής με τη Χρήση Υπολογιστή CAD/CAM) τόσο σε Επίπεδο Εφαρμογής όσο και Θεωρίας για τη Μοντελοποίηση. | ||
| 700 | 1 | _aΜαραβελάκης Εμμανουήλ | |
| 700 | 1 | _aΜπιλάλης Νικόλαος | |
| 942 | _cBK | ||
| 999 |
_c5965 _d5965 |
||